Les cultures du peuple : rituels, savoirs et resistances au 16e siecle
Saved in:
| Main Author: | |
|---|---|
| Other Authors: | |
| Format: | Book |
| Language: | French English |
| Published: |
Paris :
Aubier Montaigne,
1979.
|
| Subjects: | |
| Tags: |
Add Tag
No Tags, Be the first to tag this record!
|
MARC
| LEADER | 00000cam a2200000 i 4500 | ||
|---|---|---|---|
| 001 | 1/3734 | ||
| 008 | 960423s1979 fr | ||| |||| ||fre|| | ||
| 020 | |a 2700701666 | ||
| 035 | |l 10015323 | ||
| 040 | |a GR-MyUA |b gre |e AACR2 | ||
| 041 | 1 | |a fre |h eng | |
| 082 | 0 | |a 944.027 | |
| 100 | 1 | |a Davis, Natalie Zemon |d 1928- | |
| 245 | 1 | 4 | |a Les cultures du peuple : |b rituels, savoirs et resistances au 16e siecle / |c Natalie Z. Davis ; traduit de l'americain par Marie-Noelle Bourguet. |
| 260 | |a Paris : |b Aubier Montaigne, |c 1979. | ||
| 300 | |a 444 σ. | ||
| 504 | |a Περιέχει ευρετήριο. | ||
| 651 | 0 | |a France |x Civilization. | |
| 700 | 1 | |a Bourguet, Marie-Noelle, |e trlf | |
| 765 | 0 | 8 | |i Μετάφραση του: |t Society and culture in early modern France : |
| 852 | |a INST |b LESVOS |e 19960423 |h 944.027 DAV |p 005100010590 |q 005100010590 |t BK |y 0 | ||
| 909 | |a Λ |b 020100 | ||
| 922 | |a 1ΕΛΗ |b 199106 |c ΠΠ/1008 | ||